| 000 | 00921pam a2200313 a 4500 | ||
|---|---|---|---|
| 001 | 3366554 | ||
| 003 | SISC | ||
| 005 | 20160406124041.0 | ||
| 008 | 870304s1987 nyu b 001 0 eng | ||
| 010 | _a 87004816 | ||
| 020 | _a0440201683 | ||
| 040 |
_aDLC _cDLC _dDLC |
||
| 043 | _an-us--- | ||
| 050 | 0 | 0 |
_aHC 106.8 _b.B334 1987 |
| 082 | 0 | 0 |
_aHS 338.54 _bB31 1987 |
| 100 | 1 |
_aBatra, Raveendra N. _910413 |
|
| 245 | 1 | 4 |
_aThe great depression of 1990 / _cRavi Batra. |
| 260 |
_aNew York : _bDell Publishing, _cc1987. |
||
| 300 |
_a274p. : _c18 cm. |
||
| 500 | _aIncludes index. | ||
| 650 | 0 |
_aEconomic forecasting _zUnited States. _910414 |
|
| 650 | 0 |
_aBusiness cycles _zUnited States. _910415 |
|
| 650 | 0 |
_aDepressions. _910416 |
|
| 651 | 0 |
_aUnited States _xEconomic conditions _y1981-2001. _910417 |
|
| 906 |
_a7 _bcbc _corignew _d1 _eocip _f19 _gy-gencatlg |
||
| 942 |
_2lcc _cBK |
||
| 999 |
_c8620 _d8620 |
||